Forensic Accounting Techniques, Firm Size and Financial Performance of Microfinance Institutions in Nairobi, Kenya (Record no. 217116)

MARC details
000 -LEADER
fixed length control field 00716nam a22001577a 4500
008 - FIXED-LENGTH DATA ELEMENTS--GENERAL INFORMATION
fixed length control field 260512b |||||||| |||| 00| 0 eng d
050 ## - LIBRARY OF CONGRESS CALL NUMBER
Classification number THE HF 5686 .F85 K4 M67 2025
Item number C.1
100 ## - MAIN ENTRY--PERSONAL NAME
Personal name Mosoti, Jared Mobisa
245 ## - TITLE STATEMENT
Title Forensic Accounting Techniques, Firm Size and Financial Performance of Microfinance Institutions in Nairobi, Kenya
260 ## - PUBLICATION, DISTRIBUTION, ETC.
Place of publication, distribution, etc. Kisii
Name of publisher, distributor, etc. Kisii University
Date of publication, distribution, etc. 2025
300 ## - PHYSICAL DESCRIPTION
Extent xxii, 270p.:ill.
500 ## - GENERAL NOTE
General note Includes bibliographical references
650 ## - SUBJECT ADDED ENTRY
Topical term or geographic name entry element Forensic accounting - Kenya - Microfinance institutions. 2. Microfinanace institutions- Kenya - Nairobi County - Management. 3. Financial performance - Kenya - Microfinance institutions.
942 ## - ADDED ENTRY ELEMENTS (KOHA)
Source of classification or shelving scheme Library of Congress Classification
Koha item type Reference
Holdings
Withdrawn status Lost status Source of classification or shelving scheme Damaged status Not for loan Collection Home library Current library Date acquired Inventory number Total checkouts Full call number Barcode Date last seen Copy number Price effective from Koha item type
    Library of Congress Classification     Special Research Kisii University Library Kisii University Library 05/12/2026 113305   THE HF 5686 .F85 K4 M67 2025 A002043 05/12/2026 C.1 05/12/2026 Reference